Enhancing the digital river network in England and Wales (Record no. 80571)

MARC details
000 -LEADER
fixed length control field 00971cab a22001935a 4500
001 - CONTROL NUMBER
control field L144749
008 - FIXED-LENGTH DATA ELEMENTS--GENERAL INFORMATION
fixed length control field 080807s2008 xxka f 000 0 eng d
035 ## - SYSTEM CONTROL NUMBER
System control number (Sirsi) u144749
041 0# - LANGUAGE CODE
Language code of text/sound track or separate title eng
100 1# - MAIN ENTRY--PERSONAL NAME
Personal name Coley, Alexander
245 00 - TITLE STATEMENT
Title Enhancing the digital river network in England and Wales
260 ## - PUBLICATION, DISTRIBUTION, ETC.
Date of publication, distribution, etc. 2008
490 ## - SERIES STATEMENT
Series statement Civil Engineering Surveyor
Volume/sequential designation July/August 2008, 34-36(3)
520 ## - SUMMARY, ETC.
Summary, etc. Discusses improvements to and the potential of the detailed river network (DRN). Lists business benefits including new quality assessments; tools for finding and tracing tasks and an improved public facing river layer on the Environmental Agency's website. Addresses availability of the DRN dataset and mentions that it now available to those with an appropriate license.
650 24 - SUBJECT ADDED ENTRY--TOPICAL TERM
Topical term or geographic name entry element RE-USE OF PUBLIC SECTOR INFORMATION REGULATIONS 2005
651 #4 - SUBJECT ADDED ENTRY--GEOGRAPHIC NAME
Geographic name England and Wales
Chronological subdivision 1543-
690 ## - LOCAL SUBJECT ADDED ENTRY--TOPICAL TERM (OCLC, RLIN)
Topical term or geographic name as entry element ENVIRONMENTAL AND LAND CONSULTANCY-WATER RESOURCE MANAGEMENT
942 ## - ADDED ENTRY ELEMENTS (KOHA)
Suppress in OPAC 0
Holdings
Withdrawn status Lost status Source of classification or shelving scheme Damaged status Not for loan Home library Current library Shelving location Date acquired Total Checkouts Full call number Barcode Date last seen Copy number Price effective from Koha item type
    Dewey Decimal Classification     London London Journal article 07/08/2008   L144749 144749-1001 06/08/2019 1 06/08/2019 Journal article